| 000 | 00650nam a22001697a 4500 | ||
|---|---|---|---|
| 003 | macl | ||
| 005 | 20200920141300.0 | ||
| 008 | 200920b xxu||||| |||| 00| 0 eng d | ||
| 040 | _cmacl | ||
| 082 | _a800/SIN | ||
| 100 |
_aजयप्रकाश सिह डा मीनाक्षी _979689 |
||
| 245 | _aप्रेमचंद - कथा' स़र्ष्ठि ओर मूल्य द़ष्ठि | ||
| 260 |
_aकोलकाता _bआनन्द प्रकाशन _c2017 |
||
| 600 |
_aजयप्रकाश सिंह डा; मीनाक्षी _979690 |
||
| 650 |
_amacl _971861 |
||
| 942 |
_2ddc _cHIN |
||
| 999 |
_c63310 _d63310 |
||